15 Most developed countries in Africa - Statistics

General Stats
  • This quiz has been taken 958 times
  • The average score is 11 of 15
Answer Stats
Hint Answer % Correct
South Africa
98%
Egypt
97%
Algeria
94%
Morocco
92%
Libya
89%
Tunisia
87%
Botswana
75%
Ghana
73%
Namibia
73%
Seychelles
72%
Mauritius
70%
Cape Verde
64%
Gabon
61%
Equatorial Guinea
48%
Swaziland
35%
No matching quizzes found
Score Distribution
Percent of People with Each Score
Percentile by Number Answered
Your Score History
You have not taken this quiz